El test de Rorschach y su aplicación en la psicología de las organizaciones

Shranjeno v:
Bibliografske podrobnosti
Main Authors: Sainz, Francisco Javier (Author), Gorospe, Lourdes (Author)
Format: Knjiga
Jezik:španščina
Izdano: Barcelona Paidós 1994
Serija:Psicometría y Psicodiagnóstico, 62
Teme:
Oznake: Označite
Brez oznak, prvi označite!

MARC

LEADER 00000cam a2200000 a 4500
001 UCZ3170
003 CL-VaPUC
008 951020e19940000SP |||||||||||||||||spa|d
020 |a 8449300495 
082 0 4 |a 155.2842  |b SAI  |2 21 
100 0 |a Sainz, Francisco Javier  |e author  |9 346969 
700 0 |a Gorospe, Lourdes  |e author  |9 346970 
245 1 3 |a El test de Rorschach y su aplicación en la psicología de las organizaciones 
300 |a 243 p 
942 |c BK 
945 |d 19951020 00:00:00  |a rleighto 
260 |a Barcelona  |b Paidós  |c 1994 
650 0 |a Test de Rorschach  |9 310418 
650 7 |a TEST DE PERSONALIDAD  |2 CL-VaPUC  |9 346971 
650 7 |a PSICOLOGIA OCUPACIONAL  |2 CL-VaPUC  |9 334638 
583 |a last modification  |c 20140121 06:49:02  |k Rodrigo Vera 
490 0 |a Psicometría y Psicodiagnóstico, 62 
999 |c 239679  |d 239677 
952 |0 0  |1 0  |4 0  |6 155_284200000000000_SAI_1994  |7 0  |8 A  |9 250979  |a BIBEDU  |b BIBEDU  |d 2019-11-18  |i 4901339  |o 155.2842 SAI 1994  |p 4901339  |r 2019-11-18  |w 2019-11-18  |y BK  |k PSI 
952 |0 0  |1 0  |4 0  |6 155_284200000000000_SAI_1994  |7 0  |8 A  |9 250980  |a BIBEDU  |b BIBEDU  |d 2019-11-18  |i 4901347  |o 155.2842 SAI 1994  |p 4901347  |r 2019-11-18  |w 2019-11-18  |y BK  |k PSI